Представление документа в формате MARC21

Поле Инд. ПП Название Значение
Тип записи a
Библиографический уровень m
001 Контрольный номер RU/LIBMSTU/359201526
005 Дата корректировки 20200602175559.7
008 Кодируемые данные 110524|||||||||ru |||||||||||000|||rus||
020 a ISBN 978-5-86185-549-5
c Цена, тираж 1000-55
040 b Код языка каталог. rus
041 0_ a Код языка текста rus
084 a Индекс другой классификации/Индекс ББК 60.52+60.54+76.0
090 a Полочн. индекс 60.5
x Авторский знак Б 87
100 1_ a Автор Брик Л. В.
110 2_ a Организация/ юрисдикция Мурманский государственный технический университет
245 10 a Заглавие Средства массовой информации в формировании ценностных ориентаций молодежи
b Продолж. заглавия монография
c Ответственность Федер. агентство по рыболовству, ФГОУ ВПО "Мурман. гос. техн. ун-т"
260 a Место издания Мурманск
b Издательство Изд-во МГТУ
c Дата издания 2011
300 a Объем 135 с.
504 a Библиография Библиогр.: с. 118-135
650 04 a Основная рубрика Молодежь-Социология
650 14 a Основная рубрика Средства массовой информации
653 0_ a Ключевые слова Духовные ценности
a Ключевые слова Молодежь
a Ключевые слова Молодежь и общество
a Ключевые слова Образование в России
a Ключевые слова Семья
a Ключевые слова Социализация молодежи
a Ключевые слова Социальное развитие
a Ключевые слова Средства массовой информации
a Ключевые слова Монографии
901 t Тип документа m
952 c Вид литературы монография